| 000 | 01037nam a2200229Ia 4500 | ||
|---|---|---|---|
| 003 | Ost | ||
| 005 | 20260507075524.0 | ||
| 008 | 260507s9999||||xx |||||||||||||| ||und|| | ||
| 020 | _a82349899579 | ||
| 040 | _cfsecg | ||
| 041 | _aara | ||
| 082 | _a600 | ||
| 100 |
_aطيبي، رتيبة _eمؤلف |
||
| 245 | 0 |
_aتنمية المهارات الإدارية / _c رتيبة طيبي |
|
| 260 |
_aعمان: _bدار الاعصار العلمي للنشر والتوزيع, _c2016 |
||
| 300 |
_a324 صفحة؛ _bإيضاحات ؛ _c25 سم |
||
| 504 | _aببليوغرافيا:ص.319-324 | ||
| 520 | _aأثر التدريب في رفع كفاءة أداء العاملين،المهارات القيادية،فريق العمل الفعال،الإدارة والمدير،إعداد وكتابة الرسائل والتقارير،دور التأهيل والتدريب المهني في تنمية المهارات البشرية | ||
| 653 | _aالادارة | ||
| 653 | _aالتنمية الادارية | ||
| 942 | _cكتاب | ||
| 999 |
_c44790 _d44790 |
||